LEADER 01209nam a2200265 u 4500 001 000000044428 003 CaOOAMICUS 005 20070226114541.0 008 990426s1974 it u000 u ita u 035 $a10821407 040 $aPUL(R)$bita 100 1 $aGrasso, Pier Giovanni,$d1921-$0(OLS)http://pul/name/32418 245 10$aPersonalitą e innovazione :$bricerca psicologico-sociale sulla condizione giovanile di transizionalitą culturale /$cPier Giovanni Grasso [e] Gianfranco Secchiaroli. 260 $aRoma :$bCoines,$c1974. 300 $a142 p. ;$c21 cm 500 $aContiene indici. 504 $aBibliografia in nota. 650 4$aGiovani e societą.$0(OLS)http://pul/subject/19325 700 1 $aSecchiaroli, Gianfranco.$0(OLS)http://pul/name/32419 850 $aPUL 852 $aPUL$W1$xDP1 Cons. Gen., Altre Classi 1$y22$m43 C 148$j59804$nBK-PRI$b $qStampati$B59804$CPULBib$Z2$F59804 $H $81 941 1 $a8 961 $aINV: 63880 996 $6245$aPersonalitą e innovazione :$bricerca psicologico-sociale sulla condizione giovanile di transizionalitą culturale$9(OLS)http://pul/title/59878 996 $6260$aRoma :$bCoines$9(OLS)http://pul/publisher/50877 LEADER 01559nam a2200349 a 4500 001 000000124469 003 CaOOAMICUS 005 20120207121350.0 008 110302s2010 it u000 u ita r 020 $a978-88-13-30041-8 (v. 10) 040 $aPUL$bita 082 04$a347 245 03$aLe tutele sommarie :$bi procedimenti per decreto ingiuntivo e per convalida di sfratto, i procedimenti possessori /$c[a cura di Giovanni Arieta]. 260 $aPadova :$bCEDAM,$c©2010. 300 $aXX, 604 p. ;$c25 cm. 490 1 $aTrattato di diritto processuale civile ;$v10 500 $aContiene indici. 500 $a2. ed. della collana. 504 $aBibliografia in nota. 650 4$aDiritto processuale civile.$0(OLS)http://pul/subject/1785 650 4$aProcedura civile.$0(OLS)http://pul/subject/1677 700 1 $aArieta, Giovanni.$0(OLS)http://pul/name/42650 830 0$aTrattato di diritto processuale civile ;$v10.$0(OLS)http://pul/title/161118 850 $aPUL 852 $aPUL$W1$xSL Diritto e Scienze Sociali 3$y79$m347 ARIGI 1.10$j147534$qDDC 21$B146166$CPULBib$Z2$F146166 $H115751 $82 941 1 $a9 996 $6020$a978-88-13-30041-8 (v. 10)$9(OLS)http://pul/number/146481 996 $6082$a347$9(OLS)http://pul/classification/450 996 $6245$aLe tutele sommarie :$bi procedimenti per decreto ingiuntivo e per convalida di sfratto, i procedimenti possessori$9(OLS)http://pul/title/161117 996 $6260$aPadova :$bCEDAM$9(OLS)http://pul/publisher/48126